Statistiques concernant Petit Bac: Les Pokémon de type Fée

Cliquez ici pour prendre le quiz!

Statistiques générales

  • Ce quiz a été pris 152 fois
  • Le résultat moyen est 12 sur 18

Statistiques - réponses

LettrePokémon% Correct
GGalopa / Garde-de-Fer / Gardevoir / Granbull / Grimalin / Grodoudou / Guérilande
92%
MMagearna / Marill / Mélo / Mélodelfe / Mélofée / Mime Jr. . / Mimiqui / M.Mime / Mysdibule
92%
TTarsal / Togekiss / Togepi / Togetic / Tokopisco / Tokopyon / Tokorico / Tokotoro / Toudoudou / Trousselin
86%
XXerneas
86%
RRondoudou / Rubombelle
83%
FFardaduvet / Flabébé / Feunard / Favianos / Floette / Florges / Flotte-Mèche / Fluevetin / Forgelina / Forgella / Forgerette / Fourbelin
80%
SSmogogo / Snubull / Sorcilence / Spododo / Strassie / Sucroquin
79%
NNanméouïe / Nymphali
78%
AAltaria / Amovénus / Angoliath / Azumarill / Azurill
73%
DDedenne / Diancie / Doudouvet
73%
KKirlia
72%
CCharmilly / Crémy / Cocotine / Cupcanaille
66%
ZZacian
47%
BBombydou / Briochien
46%
OOratoria
41%
LLampignon
36%
PPâtachiot
33%
HHurle-Queue
17%

Distribution des résultats

Percentile par nombre de réponses

% des personnes avec chaque résultat

Votre développement - résultats

Vous n’avez pas pris ce quiz